000 00271nam a2200121Ia 4500
008 191201s2004 xx 000 0 und d
100 _aNIIT
245 0 _aBasics of Networking
260 _aN.Delhi
_bPHI
_c2004
300 _a290
650 _aB.Tech(CSE)
942 _2ddc
_cBK
999 _c2194
_d2194